Вып. 9; Техническая кибернетика и ее приложения

Dades bibliogràfiques
Parent link:Техническая кибернетика и ее приложения/ Харьковский политехнический институт (ХПИ). Вып. 9.— , 1979-1992
Altres autors: Голоскоков Е. Г.
Idioma:rus
Publicat: 1989
Matèries:
Format: MixedMaterials Llibre
KOHA link:https://koha.lib.tpu.ru/cgi-bin/koha/opac-detail.pl?biblionumber=254240

MARC

LEADER 00000nam2a2200000 4500
001 254240
005 20231101232922.0
035 |a (RuTPU)RU\TPU\book\276672 
035 |a RU\TPU\book\276667 
090 |a 254240 
100 |a 20140319d1989 k y0rusy50 ca 
101 0 |a rus 
102 |a UA 
105 |a y z 001zy 
200 0 |a Вып. 9  |f отв. ред. Е. Г. Голоскоков 
210 |d 1989 
215 |a 89 с. 
320 |a Библиогр. в конце ст. 
461 1 |0 (RuTPU)RU\TPU\book\269480  |t Техническая кибернетика и ее приложения  |f Харьковский политехнический институт (ХПИ)  |v Вып. 9  |d 1979-1992  |s Вестник Харьковского политехнического института ; № 263 
606 1 |a Кибернетика техническая  |2 stltpush  |3 (RuTPU)RU\TPU\subj\39479  |9 59558 
610 1 |a приложения 
610 1 |a сложные системы 
610 1 |a регуляторы 
610 1 |a синтез 
610 1 |a угловая скорость 
610 1 |a измерители 
610 1 |a промышленные роботы 
610 1 |a дискретные системы 
675 |a 681.51  |v 4 
702 1 |a Голоскоков  |b Е. Г.  |4 540 
801 1 |a RU  |b 63413507  |c 20131225 
801 2 |a RU  |b 63413507  |c 20161230  |g RCR 
942 |c BK